000 01004nam a2200229Ia 4500
003 OSt
005 20200922153824.0
008 191128s1908 ck gr 000 0 spa d
040 _aCO-JMCR
_cCO-JMCR
041 0 _aspa
082 0 4 _a918.61 /
_bD618d
_223
245 0 0 _aDivisión territorial :
_bleyes, decretos y documentos 1908 /
250 _aEdición oficial
260 _aBogotá :
_bImprenta Nacional,
_c1908
300 _axv, 675 páginas ;
_c25 cm.
505 0 _aMemorandum presidencial julio 22 de 1908 -- Memorandum presidencial julio 23 de 1908 -- Consejo de ministros 23 de julio de 1908 -- Mensaje del ministro de gobierno sobre división territorial -- Informe de una comisión
650 1 4 _aTerritorio
_xdivisión político
_y1908
_zColombia
_910671
650 1 4 _aTerritorio
_xdivisión político
_y1908
_zColombia
_910671
650 1 4 _aDistribución geográfica
_xdepartamentos
_y19081908
_zColombia
_910672
650 1 4 _aAdministración físcal
_y1908
_zColombia
_910673
942 _2ddc
_cBK
999 _c6229
_d6229